00427nam a2200181Ia 4500008004100000020001800041050001400059100002100073245002800094245002100122260001500143260001600158260000900174300001600183300002700199300001000226500000900236170918s9999 xx 000 0 und d a9780590411363 bP743 1978 aPoe, Edgar Allan aEight tales of terror / cEdgar Allan Poe. aNew York : bScholastic, c1978 a196 pages : bcolored illustration ; c17cm. a1340